Después de la Edad de Oro (Registro nro. 16567)

Detalles MARC
000 -LEADER
fixed length control field 00324 a2200109 4500
001 - CONTROL NUMBER
control field ART_3631
005 - DATE AND TIME OF LATEST TRANSACTION
control field 20260410161716.0
008 - FIXED-LENGTH DATA ELEMENTS--GENERAL INFORMATION
fixed length control field 260409a
100 1# - MAIN ENTRY--PERSONAL NAME
Personal name Esping-Andersen, Gosta
245 10 - TITLE STATEMENT
Title Después de la Edad de Oro
773 0# - HOST ITEM ENTRY
Title Desarrollo económico
Related parts - Vol. 36, Nº 142 (jul./sep. 1996)
Record control number REV1174

No hay ítems disponibles.